| 000 | 00771cam a2200229 4500 | ||
|---|---|---|---|
| 001 | WB3616-18 | ||
| 008 | 000000n2000 000 0 eng u | ||
| 035 | _a(Sirsi) u105381 | ||
| 245 | _aAdding to the property market's vicious circle | ||
| 260 | _c2000 | ||
| 490 |
_aFinancial Times _v 14 April 2000, 24(1) |
||
| 520 | _aArcadia plans to close 400 shops over the next two years creating space in high streets and shopping centres at a time when capital growth in retail property is falling. | ||
| 590 | _aWB | ||
| 650 | _aARCADIA | ||
| 650 | _aRETAIL PROPERTY | ||
| 650 | _aSHOPPING CENTRES | ||
| 650 | _aHIGH STREETS | ||
| 650 | _aRETAIL INVESTMENT | ||
| 650 | _aINVESTMENT MARKET | ||
| 690 | _aPROPERTY-COMMERCIAL PROPERTY-RETAIL PROPERTY | ||
| 942 | _n0 | ||
| 999 |
_c63164 _d63164 |
||